Language in society: an introduction to sociolinguistics

Salvato in:
Dettagli Bibliografici
Autore principale: Romaine, Suzanne (Autore)
Natura: Libro
Lingua:inglese
Pubblicazione: Oxford Oxford University Press 1994
Edizione:1a. ed
Serie:Oxford Paperbacks
Soggetti:
Tags: Aggiungi Tag
Nessun Tag, puoi essere il primo ad aggiungerne!!

MARC

LEADER 00000nam a2200000 a 4500
001 UCH0273
003 CL-VaPUC
008 090227e19940000UK |||||||||||||||||eng|d
020 |a 0198751346 
082 0 4 |a 306.44  |b ROM  |2 21 
100 0 |a Romaine, Suzanne  |e author  |9 534460 
245 1 0 |a Language in society: an introduction to sociolinguistics 
250 |a 1a. ed 
300 |a 235 p 
942 |c BK 
945 |d 20090227 00:00:00  |a cmena 
260 |a Oxford  |b Oxford University Press  |c 1994 
650 0 |a Sociolingüística  |9 263716 
650 7 |a DIALECTOS  |2 CL-VaPUC  |9 348323 
650 0 |a Multilingüismo  |9 416318 
650 0 |a Problemas sociales  |9 258537 
583 |a last modification  |c 20130104 11:41:33  |k Rodrigo Vera 
490 0 |a Oxford Paperbacks 
999 |c 332611  |d 332609 
952 |0 0  |1 0  |4 0  |6 306_440000000000000_ROM_1994  |7 0  |8 A  |9 420459  |a FDOPOS  |b FDOPOS  |d 2019-11-22  |i 4517024  |o 306.44 ROM 1994  |p 4517024  |r 2025-01-22  |w 2019-11-22  |y BK  |k MLA